000 01805nam a2200565 i 4500
001 35296
003 KOSZ 005
005 20240405063106.0
008 231016s1994 pl a g 001 0bpol
015 _aUWD 1995/3246
020 _a8386035080
035 _a991000028749705066
035 _a(PL-WaBN)b10028924-48omnis_nlop
035 _ab10028924
035 _a(OCoLC)69308448
035 _azz2006983679
035 _a(PL)b0000001002892
035 _a(EXLNZ-48OMNIS_NETWORK)9910036825005606
040 _aWA N
_cWA N
_dKOSZ 005/RW
045 _bd1923
_bd1945
046 _k1994
080 _a94(438).082.4
080 _a355(438)"1939/1945":
080 _a929-052(438)
100 1 _aRaina, Peter
_d(1935- )
_eAutor
245 1 0 _aJaruzelski :
_bmłode lata 1923-1945 /
_cPeter Raina.
260 _aWarszawa :
_b"Książka Polska",
_c1994.
300 _a176 stron, [14] stron tablic :
_bfaksy, fotografie, portrety ;
_c20 cm.
336 _aTekst
_btxt
_2rdacontent
337 _aBez urządzenia pośredniczącego
_bn
_2rdamedia
338 _aWolumin
_bnc
_2rdacarrier
380 _aKsiążki
380 _aLiteratura faktu, eseje, publicystyka
388 1 _a1901-2000
388 1 _a1989-2000
504 _aIndeks.
600 1 7 _aJaruzelski, Wojciech
_d(1923-2014)
_2DBN
648 7 _a1901-2000
_2DBN
648 7 _a1939-1945
_2DBN
650 7 _aWojsko
_2DBN
651 7 _aPolska
651 7 _aZSRR
655 7 _aBiografia
_2DBN
658 _aBezpieczeństwo i wojskowość
658 _aHistoria
710 2 _aWydawnictwo Książka Polska
_4pbl
856 _uhttp://koha.tu.koszalin.pl/cgi-bin/koha/opac-detail.pl?biblionumber=35296
_yKatalog online BPK
942 _2UKD
_cKS
999 _c35296
_d35296